Pokémon - Les attaques de Olivado - Statistiques

Statistiques générales
  • Ce quiz a été pris 11 fois
  • Le résultat moyen est 7 sur 13
Statistiques - réponses
Niveaux Types Noms des attaques % Correct
Niveau 23 Plante Champ Herbu
75%
Départ Normal Charge
75%
Niveau 34 Plante Éco-Sphère
75%
Niveau 20 Plante Méga-Sangsue
75%
Niveau 37 Plante Vampigraine
75%
Niveau 5 Plante Vole-Vie
75%
Niveau 10 Plante Tranch'Herbe
63%
Niveau 7 Normal Croissance
50%
Niveau 29 Plante Canon Graine
38%
Départ Normal Doux Parfum
38%
Niveau 42 Normal Champlification
25%
Niveau 13 Normal Coup d'Main
25%
Niveau 16 Normal Gigotage
25%
Aucun quiz correspondant
Distribution des résultats
% des personnes avec chaque résultat
Percentile par nombre de réponses
Votre historique - résultats
Vous n’avez pas pris ce quiz